Online Catalogue and eLibrary

Sri Lanka's Ethnic crisis & National Security : (Record no. 487)

MARC details
000 -LEADER
fixed length control field 00431nam a22001577a 4500
005 - DATE AND TIME OF LATEST TRANSACTION
control field 20240226050352.0
008 - FIXED-LENGTH DATA ELEMENTS--GENERAL INFORMATION
fixed length control field 240226b |||||||| |||| 00| 0 eng d
020 ## - INTERNATIONAL STANDARD BOOK NUMBER
ISBN 9558093009
082 ## - DDC Classification
DDC Edition Number 22
Class No. 322.4
Item Number - Author Mark ROH.
100 ## - MAIN ENTRY--PERSONAL NAME
Personal name Gunaratna, Rohan.
245 ## - TITLE STATEMENT
Title Sri Lanka's Ethnic crisis & National Security :
Statement of responsibility, etc. Rohan Gunaratna.
260 ## - PUBLICATION, DISTRIBUTION, ETC.
Place of publication, distribution, etc. Colombo :
Name of publisher, distributor, etc. Vijitha Yapa Bookshop /
Date of publication, distribution, etc. 1998.
300 ## - PHYSICAL DESCRIPTION
Extent (e.g. Volumes, Pages etc.) 416 p.,
650 ## - SUBJECT ADDED ENTRY--TOPICAL TERM
Topical term or geographic name entry element Peace.
942 ## - Koha item type (Biblio)
Koha item type Books in Stacks (Lending)
Holdings
Lost status Damaged status Collection code Home library Current library Date acquired Full call number Accession Number Item type
    Lending WERC Library WERC Library 02/26/2024 322.4 ROH. 2679 Books in Stacks (Lending)

© WERC Library